000 00238nam a22000857a 4500
999 _c16229
_d16229
003 OSt
008 200625b ||||| |||| 00| 0 eng d
245 _acalendar supply Engineering students maths for engineering course (integrated)
942 _cBK